000
00216nam a22000857a 4500
008
170626b xxu||||| |||| 00| 0 eng d
100
_9
3672
_a
Jain. D
245
_a
Mathematics class 4
260
_a
New Delhi
_b
Holy Faith
_c
2000
999
_c
7087
_d
7087